| 000 | 00749nam a2200217 a 4500 | ||
|---|---|---|---|
| 005 | 20230601063543.0 | ||
| 008 | 991125s1974 mx 000 0 spa u | ||
| 020 | _a9686406093 | ||
| 035 | _aUPN01000009996 | ||
| 049 | _aC | ||
| 050 | 4 |
_aF1226 R59 _b1974 v.5 |
|
| 100 | 1 |
_aRiva Palacio, Vicente, _d1832-1896 |
|
| 245 | 1 | 0 |
_aCompendio general de México a través de los siglos : _bhistoria general... / _cVicente Riva Palacio |
| 250 | _a2a ed. | ||
| 260 |
_aMéxico : _bValle de México, _c1974 |
||
| 300 |
_axvi, 731 p. : _bil. |
||
| 520 | _a"Obra única en su género" | ||
| 520 | _a"Publicada bajo la dirección del General Don Vicente Riva Palacio" | ||
| 651 | 4 |
_aMéxico _xHistoria _yConstitución y reforma, 1855-1863 _915810 |
|
| 905 | _aLibro | ||
| 999 |
_c9996 _d9996 |
||